Online Catalogue and eLibrary

The struggle within Islam : (Record no. 949)

MARC details
000 -LEADER
fixed length control field 00263nam a2200097Ia 4500
008 - FIXED-LENGTH DATA ELEMENTS--GENERAL INFORMATION
fixed length control field 240331s9999 xx 000 0 und d
082 ## - DDC Classification
Class No. 297
Item Number - Author Mark ZAK
100 ## - MAIN ENTRY--PERSONAL NAME
Personal name Zakariua,R
245 #4 - TITLE STATEMENT
Title The struggle within Islam :
Remainder of title the conflict between religion and political
942 ## - Koha item type (Biblio)
Koha item type Books in Stacks (Lending)
Holdings
Lost status Damaged status Collection code Home library Current library Shelving location Date acquired Full call number Accession Number Item type
    Lending WERC Library WERC Library Social Science Cupboard 03/31/2024 297 ZAK 576 Books in Stacks (Lending)

© WERC Library